000 00683nam a2200229 i 4500
001 C2-0112506
003 PPAK
005 20180727103914.0
008 970703s xx |||| ||||| | eng d
040 _aPPAK
_beng
_cPPAK
_erda
082 0 4 _a959.503
_223
090 0 0 _a959.503
_bMIL
_dKK
100 1 _aMilner, A.C.,
_eauthor
245 1 4 _aThe Sultan and the missionary
264 1 _a[place of publication not identified] :
_b[publisher not identified] ,
_c[date of publication not identified]
300 _a15 pages ;
_c30 cm
336 _2rdacontent
_atext
337 _2rdamedia
_aunmediated
338 _2rdacarrier
_avolume
650 1 0 _aMalaysia - History
942 _ddc
_cB
999 _c28318
_d28318